<?xml version="1.0" encoding="UTF-8"?>
<record
    xmlns:xsi="http://www.w3.org/2001/XMLSchema-instance"
    xsi:schemaLocation="http://www.loc.gov/MARC21/slim http://www.loc.gov/standards/marcxml/schema/MARC21slim.xsd"
    xmlns="http://www.loc.gov/MARC21/slim">

  <leader>03117cam a2200373   4500500</leader>
  <controlfield tag="005">20251228063843.0</controlfield>
  <datafield tag="041" ind1=" " ind2=" ">
    <subfield code="a">fre</subfield>
  </datafield>
  <datafield tag="042" ind1=" " ind2=" ">
    <subfield code="a">dc</subfield>
  </datafield>
  <datafield tag="100" ind1="1" ind2="0">
    <subfield code="a">Boutillier, Sophie</subfield>
    <subfield code="e">author</subfield>
  </datafield>
  <datafield tag="245" ind1="0" ind2="0">
    <subfield code="a">R&#xE9;volution industrielle, industrie 4.0 et id&#xE9;ologie</subfield>
  </datafield>
  <datafield tag="260" ind1=" " ind2=" ">
    <subfield code="c">2024.
							</subfield>
  </datafield>
  <datafield tag="500" ind1=" " ind2=" ">
    <subfield code="a">70</subfield>
  </datafield>
  <datafield tag="520" ind1=" " ind2=" ">
    <subfield code="a">Apr&#xE8;s la machine &#xE0; vapeur, le Taylorisme et le Toyotisme, les robots, les ordinateurs&#x2026;&#xA0;l&#x2019;&#xE8;re est aujourd&#x2019;hui celle de la digitalisation de l&#x2019;industrie (ou industrie 4.0, voire d&#x2019;une quatri&#xE8;me r&#xE9;volution industrielle), de l&#x2019;intelligence artificielle, de l&#x2019;internet des objets&#x2026;&#xA0;La question &#xE0; laquelle nous allons tenter de r&#xE9;pondre dans le cadre de cet article est double, en revenant d&#x2019;une part sur la gen&#xE8;se du concept de r&#xE9;volution industrielle, d&#x2019;autre part en appliquant ce cadre th&#xE9;orique pour analyser la quatri&#xE8;me r&#xE9;volution industrielle, qui serait en train de se d&#xE9;velopper. Nous montrerons ainsi le caract&#xE8;re id&#xE9;ologique du concept de r&#xE9;volution industrielle, pour l&#x2019;appliquer au cas de la quatri&#xE8;me r&#xE9;volution industrielle, pour discuter si les transformations techniques actuelles s&#x2019;inscrivent dans la continuit&#xE9; du mod&#xE8;le industriel pr&#xE9;c&#xE9;dent, ou s&#x2019;il s&#x2019;agit d&#x2019;une v&#xE9;ritable rupture technique et comment les &#xC9;tats et les industriels, par le biais de mesures de politique publique, agissent pour soutenir cette &#xE9;volution, pour le b&#xE9;n&#xE9;fice des industriels.</subfield>
  </datafield>
  <datafield tag="520" ind1=" " ind2=" ">
    <subfield code="a">After the steam engine, Taylorism and Toyotism, robots, computers&#x2026;&#xA0;the present era is now that of the digitalization of industry (or industry 4.0, or even a fourth industrial revolution), artificial intelligence, the Internet of Things&#x2026;&#xA0;The question we will try to answer in this article is twofold: firstly, we will look back at the genesis of the concept of industrial revolution, and secondly, we will apply this theoretical framework to analyze the fourth industrial revolution, which is said to be developing. We will thus show the ideological character of the concept of industrial revolution, to apply it to the case of the fourth industrial revolution, to discuss whether the current technical transformations are a continuation of the previous industrial model or whether they are a true technological rupture, and how states and entrepreneurs, through public policy measures, act to support this evolution, for the benefit of industrialists.</subfield>
  </datafield>
  <datafield tag="690" ind1=" " ind2=" ">
    <subfield code="a">Entrepreneur</subfield>
  </datafield>
  <datafield tag="690" ind1=" " ind2=" ">
    <subfield code="a">Histoire &#xE9;conomique</subfield>
  </datafield>
  <datafield tag="690" ind1=" " ind2=" ">
    <subfield code="a">Id&#xE9;ologie</subfield>
  </datafield>
  <datafield tag="690" ind1=" " ind2=" ">
    <subfield code="a">Industrie 4.0</subfield>
  </datafield>
  <datafield tag="690" ind1=" " ind2=" ">
    <subfield code="a">Politique publique</subfield>
  </datafield>
  <datafield tag="690" ind1=" " ind2=" ">
    <subfield code="a">Progr&#xE8;s technique</subfield>
  </datafield>
  <datafield tag="690" ind1=" " ind2=" ">
    <subfield code="a">R&#xE9;volution industrielle</subfield>
  </datafield>
  <datafield tag="690" ind1=" " ind2=" ">
    <subfield code="a">Economic history</subfield>
  </datafield>
  <datafield tag="690" ind1=" " ind2=" ">
    <subfield code="a">Entrepreneur</subfield>
  </datafield>
  <datafield tag="690" ind1=" " ind2=" ">
    <subfield code="a">Ideology</subfield>
  </datafield>
  <datafield tag="690" ind1=" " ind2=" ">
    <subfield code="a">Industrial revolution</subfield>
  </datafield>
  <datafield tag="690" ind1=" " ind2=" ">
    <subfield code="a">Industry 4.0</subfield>
  </datafield>
  <datafield tag="690" ind1=" " ind2=" ">
    <subfield code="a">N00</subfield>
  </datafield>
  <datafield tag="690" ind1=" " ind2=" ">
    <subfield code="a">O14</subfield>
  </datafield>
  <datafield tag="690" ind1=" " ind2=" ">
    <subfield code="a">O33</subfield>
  </datafield>
  <datafield tag="690" ind1=" " ind2=" ">
    <subfield code="a">Public policy</subfield>
  </datafield>
  <datafield tag="690" ind1=" " ind2=" ">
    <subfield code="a">Technical progress</subfield>
  </datafield>
  <datafield tag="786" ind1="0" ind2=" ">
    <subfield code="n">March&#xE9; et organisations | 51 | 3 | 2024-07-31 | p. 13-42 | 1953-6119</subfield>
  </datafield>
  <datafield tag="856" ind1="4" ind2="1">
    <subfield code="u">https://shs.cairn.info/revue-marche-et-organisations-2024-3-page-13?lang=fr&amp;redirect-ssocas=7080</subfield>
  </datafield>
  <datafield tag="999" ind1=" " ind2=" ">
    <subfield code="c">1588873</subfield>
    <subfield code="d">1588873</subfield>
  </datafield>
</record>
